| 000 | 00629nam a2200229Ia 4500 | ||
|---|---|---|---|
| 003 | OSt | ||
| 005 | 20220918181431.0 | ||
| 006 | a|||||r|||| 00| 0 | ||
| 007 | ta | ||
| 008 | 220917b |||||||| |||| 00| 0 eng d | ||
| 024 | _a27,189 | ||
| 037 | _cTextual | ||
| 040 |
_aARTS _cARTS _beng |
||
| 041 |
_2eng _aeng |
||
| 082 | _aO111,1M65:g, K2 (EO) | ||
| 100 |
_aChatterjee Bhabatosh _958599 |
||
| 245 | 0 | _aPoetry of W B Yeats | |
| 260 |
_aLondon _bOrient Longmans _c1962 |
||
| 650 | _aENGLISH LITERATURE | ||
| 942 |
_hO111,1M65:g, K2 (EO) _cTEXL _2CC |
||
| 999 |
_c165673 _d165673 |
||